| 000 | 00425cam a2200181ua 4500 | ||
|---|---|---|---|
| 020 | _c2.00 | ||
| 041 |
_aeng _h |
||
| 082 |
_a828.09 _bMUL/GR |
||
| 100 | _aMullik, B.R. | ||
| 245 |
_aGray and Collins vol-14 / _cB R Mullik. _hTextual Documents |
||
| 250 |
_a4 / _b. |
||
| 260 |
_aNew Delhi : _bS.Chand and Co , _c1965. |
||
| 300 | _a65 ; . | ||
| 365 | _a2.00 | ||
| 504 | _a | ||
| 942 | _cBK | ||
| 999 |
_c5339 _d5339 |
||